000 00515nam a2200169Ia 4500
003 GCL
008 140319s9999 xx 000 0 ara d
040 _aGCL /
_cGCL
082 0 4 _aفيديو
_b115
245 1 0 _aالملكة والهدهد- اسلام سبأ- (الجزء الاول والثانى)
260 _a[S.N] :
_bلا يوجد
490 _aمجموعة من قصص القران الكريم
_v0
650 0 4 _aالقصص
650 0 4 _aشرائط فيديو
650 0 4 _aالقران
942 _2ddc
_cBK
999 _c33851
_d33851